| 000 | 00379pab a2200145 454500 | ||
|---|---|---|---|
| 008 | 180718b1987 xxu||||| |||| 00| 0 eng d | ||
| 100 | _aMishra, Laxmidhar | ||
| 245 | _aIdentification, release and rehabilitation of bonded labourers | ||
| 260 | _c1987 | ||
| 300 | _a1-17 | ||
| 362 | _aJan.-Mar. | ||
| 650 | _aLabour, Bonded - India | ||
| 773 | _aSocial Action | ||
| 909 | _a11870 | ||
| 999 |
_c11870 _d11870 |
||